Steve Martin Movies Quiz Stats

 Plays Quiz Updated Mar 11, 2019

Score 0/45 Timer 08:00
4 Plays Today
Year Movie % Correct
2006The Pink Panther
85.3%
2009The Pink Panther 2
70.4%
1991Father of the Bride
70.3%
1979The Jerk
66.5%
1995Father of the Bride Part II
64.3%
2003Cheaper by the Dozen
62.5%
2005Cheaper by the Dozen 2
56.4%
1986¡Three Amigos!
46.7%
1987Roxanne
46.2%
1987Planes, Trains & Automobiles
42%
1989Parenthood
36.6%
1986Little Shop of Horrors
36%
1988Dirty Rotten Scoundrels
34.3%
1983The Man with Two Brains
32.9%
1990My Blue Heaven
25.8%
1999Bowfinger
25.6%
1991L.A. Story
25%
2005Shopgirl
23.6%
2003Bringing Down the House
21.6%
1982Dead Men Don't Wear Plaid
21.1%
1984All of Me
19.5%
1998The Prince of Egypt
18.3%
1992HouseSitter
18.2%
Year Movie % Correct
1996Sgt. Bilko
17.4%
1979The Muppet Movie
15.9%
2011The Big Year
15.2%
2014Home
15%
1981Pennies from Heaven
13.9%
2008Baby Mama
13.9%
1999The Out-of-Towners
13.4%
1992Leap of Faith
13.3%
2009It's Complicated
12.9%
1991Grand Canyon
12.3%
1997The Spanish Prisoner
11.7%
1994Mixed Nuts
11.6%
1984The Lonely Guy
11.6%
1978Sgt. Pepper's Lonely Hearts Club Band
11.4%
2001Novocaine
11.1%
2015Love the Coopers
9.2%
2003Looney Tunes: Back in Action
9%
1994A Simple Twist of Fate
8.8%
2016Billy Lynn's Long Halftime Walk
8.7%
1977The Absent-Minded Waiter
7%
1985Movers & Shakers
5.2%
2000Joe Gould's Secret
4.6%

You're not logged in!

Compare scores with friends on all Sporcle quizzes.
OR
Log In

Sporcle TV

Today on Sporcle TV


Watch our educational content, quiz creation guides, and fun videos on Sporcle TV.

Show Comments

Extras

Top Quizzes Today


Score Distribution

Your Account Isn't Verified!

In order to create a playlist on Sporcle, you need to verify the email address you used during registration. Go to your Sporcle Settings to finish the process.

Report this User

Report this user for behavior that violates our Community Guidelines.

Details: